00282nam a2200133Ia 45000030006000000080041000060400015000471000014000622450024000762500010001002600009001105460012001190050017001310STCL150530s9999 xx 000 0 und d aSTCLcSTCL aJohn, H.R aLife of Napoliean I aNinth c1924 aEnglish20220125171410.0